<?xml version="1.0" encoding="UTF-8"?>
<record
    xmlns:xsi="http://www.w3.org/2001/XMLSchema-instance"
    xsi:schemaLocation="http://www.loc.gov/MARC21/slim http://www.loc.gov/standards/marcxml/schema/MARC21slim.xsd"
    xmlns="http://www.loc.gov/MARC21/slim">

  <leader>01180nam a2200265 a 4500</leader>
  <controlfield tag="001">76753</controlfield>
  <controlfield tag="003">BD-RjUL</controlfield>
  <controlfield tag="005">20211209082900.0</controlfield>
  <controlfield tag="008">160730s1957    pk ||||| |||| 00| 0 ben d</controlfield>
  <datafield tag="020" ind1=" " ind2=" ">
    <subfield code="c">: PRs. 8.00 (V-4)</subfield>
  </datafield>
  <datafield tag="035" ind1=" " ind2=" ">
    <subfield code="a">(BD-RjUL)76977</subfield>
  </datafield>
  <datafield tag="040" ind1=" " ind2=" ">
    <subfield code="a">BD-RjUL</subfield>
    <subfield code="b">ben</subfield>
    <subfield code="c">BD-RjUL</subfield>
  </datafield>
  <datafield tag="041" ind1=" " ind2=" ">
    <subfield code="a">ben</subfield>
  </datafield>
  <datafield tag="082" ind1=" " ind2=" ">
    <subfield code="2">23</subfield>
    <subfield code="a">297.1254106</subfield>
    <subfield code="b">FAB 1957</subfield>
  </datafield>
  <datafield tag="100" ind1="1" ind2=" ">
    <subfield code="a">&#x9AB;&#x9B0;&#x9BF;&#x9A6;&#x9AA;&#x9C1;&#x9B0;&#x9C0;, &#x9B6;&#x9BE;&#x9AE;&#x99B;&#x9C1;&#x9B2; &#x9B9;&#x995;</subfield>
    <subfield code="9">237733</subfield>
  </datafield>
  <datafield tag="245" ind1="1" ind2="0">
    <subfield code="a">&#x9AC;&#x9CB;&#x996;&#x9BE;&#x9B0;&#x9C0; &#x9B6;&#x9B0;&#x9C0;&#x9AB; : </subfield>
    <subfield code="b">(&#x9AC;&#x9BE;&#x982;&#x9B2;&#x9BE; &#x9A4;&#x9B0;&#x99C;&#x9AE;&#x9BE; &#x993; &#x9AC;&#x9BF;&#x9B8;&#x9CD;&#x9A4;&#x9BE;&#x9B0;&#x9BF;&#x9A4; &#x9AC;&#x9CD;&#x9AF;&#x9BE;&#x9CD;&#x996;&#x9CD;&#x9AF;&#x9BE;)  /</subfield>
    <subfield code="c">&#x9B6;&#x9BE;&#x9AE;&#x99B;&#x9C1;&#x9B2; &#x9B9;&#x995; &#x9AB;&#x9B0;&#x9BF;&#x9A6;&#x9AA;&#x9C1;&#x9B0;&#x9C0; , &#x986;&#x99C;&#x9BF;&#x99C;&#x9C1;&#x9B2; &#x9B9;&#x995;</subfield>
  </datafield>
  <datafield tag="250" ind1=" " ind2=" ">
    <subfield code="a">&#x9E7;&#x9AE; &#x9B8;&#x982;.</subfield>
  </datafield>
  <datafield tag="260" ind1=" " ind2=" ">
    <subfield code="a">&#x9A2;&#x9BE;&#x995;&#x9BE; : </subfield>
    <subfield code="b">&#x9B9;&#x9BE;&#x9AE;&#x9BF;&#x9A6;&#x9BF;&#x9AF;&#x9BC;&#x9BE; &#x9B2;&#x9BE;&#x987;&#x9AC;&#x9CD;&#x9B0;&#x9CD;&#x9B0;&#x9C7;&#x9B0;&#x9C0;,</subfield>
    <subfield code="c">[&#x9E7;&#x9EF;&#x9EB;&#x9ED;]</subfield>
  </datafield>
  <datafield tag="300" ind1=" " ind2=" ">
    <subfield code="a">&#x996;&#x9A3;&#x9CD;&#x9A1; ;</subfield>
    <subfield code="c">&#x9E8;&#x9E8; &#x9B8;&#x9C7;&#x9AE;&#x9BF;. </subfield>
  </datafield>
  <datafield tag="505" ind1="0" ind2=" ">
    <subfield code="a">&#x996;&#x9A3;&#x9CD;&#x9A1; &#x9EA; --</subfield>
  </datafield>
  <datafield tag="650" ind1=" " ind2=" ">
    <subfield code="a">&#x9B9;&#x9BE;&#x9A6;&#x9C0;&#x9B8;, &#x9AC;&#x9C1;&#x996;&#x9BE;&#x9B0;&#x9C0;</subfield>
    <subfield code="x">&#x9AC;&#x999;&#x9CD;&#x997;&#x9BE;&#x9A8;&#x9C1;&#x9AC;&#x9BE;&#x9A6; &#x993; &#x9AC;&#x9CD;&#x9AF;&#x9BE;&#x996;&#x9BE;</subfield>
    <subfield code="9">237739</subfield>
  </datafield>
  <datafield tag="650" ind1=" " ind2=" ">
    <subfield code="a">Hadith, Bukhari</subfield>
    <subfield code="x">Translation abd Interpretation</subfield>
    <subfield code="9">237740</subfield>
  </datafield>
  <datafield tag="700" ind1=" " ind2=" ">
    <subfield code="a">&#x9B9;&#x995;, &#x986;&#x99C;&#x9BF;&#x99C;&#x9C1;&#x9B2;, &#x9AF;&#x9C1;&#x997;&#x9CD;&#x9AE; &#x985;&#x9A8;&#x9C1;&#x9AC;&#x9BE;&#x9A6;&#x995; </subfield>
    <subfield code="9">237741</subfield>
  </datafield>
  <datafield tag="942" ind1=" " ind2=" ">
    <subfield code="2">ddc</subfield>
    <subfield code="c">BK</subfield>
  </datafield>
  <datafield tag="999" ind1=" " ind2=" ">
    <subfield code="c">76753</subfield>
    <subfield code="d">76753</subfield>
  </datafield>
  <datafield tag="952" ind1=" " ind2=" ">
    <subfield code="0">0</subfield>
    <subfield code="1">0</subfield>
    <subfield code="2">ddc</subfield>
    <subfield code="4">0</subfield>
    <subfield code="7">0</subfield>
    <subfield code="8">NFIC</subfield>
    <subfield code="a">RUCL</subfield>
    <subfield code="b">RUCL</subfield>
    <subfield code="c">Stack</subfield>
    <subfield code="d">2020-01-18</subfield>
    <subfield code="g">8.00</subfield>
    <subfield code="l">0</subfield>
    <subfield code="o">B 297.1254106 FAB V-4 1957</subfield>
    <subfield code="r">2020-01-18 00:00:00</subfield>
    <subfield code="t">C-2</subfield>
    <subfield code="w">2020-01-18</subfield>
    <subfield code="y">BK</subfield>
  </datafield>
</record>
